Normal view
MARC view
- COMPUTER NETWORKS.TCP/IP COMPUTER NETWORK PROTOCOL.DATA TRANSMISSION SYSTEMS.DATA COMMUNICATION
Entry Topical Term
001 - CONTROL NUMBER
- control field: 58543
003 - CONTROL NUMBER IDENTIFIER
- control field: NUST
005 - DATE AND TIME OF LATEST TRANSACTION
- control field: 20210628202149.0
008 - FIXED-LENGTH DATA ELEMENTS
- fixed length control field: 210628|| aca||aabn | a|a d
040 ## - CATALOGING SOURCE
- Original cataloging agency: NUST
- Transcribing agency: NUST
150 ## - HEADING--TOPICAL TERM
- Topical term or geographic name entry element: COMPUTER NETWORKS.TCP/IP COMPUTER NETWORK PROTOCOL.DATA TRANSMISSION SYSTEMS.DATA COMMUNICATION
670 ## - SOURCE DATA FOUND
- Source citation: Work cat.: (NUST): Carne , E.Bryan 58542, A professional's guide to data communication in a tcp/ip world, 2004
